000 01287cam a2200301 i 4500
003 SA-RiAUC
005 20250612075651.0
008 250528s1983 su a g d 000r0 ara c
040 _aSA-RiAUC
_bara
_cSA-RiAUC
_erda
041 1 _aara
_aeng
082 0 4 _a224.03
_qSA-RiAUC
090 _a224.03
_bن د و
100 1 _aالندوي، عبد الله عباس،
_d1344 هجري-
_eمؤلف.
245 1 0 _aقاموس ألفاظ القرآن الكريم :
_bعربي-إنجليزي /
_cتأليف عبد الله عباس الندوي.
250 _aالطبعة الأولى.
264 1 _aجدة، السعودية :
_bدار الشروق،
_c1983
300 _a896 صفحة :
_bجداول ؛
_c23 سم
336 _aنص
_btxt
_2rdacontent
_3كتاب
337 _aبدون وسيط
_bn
_2rdamedia
338 _aمجلد
_bnc
_2rdacarrier
500 _aحسب الترتيب الجذري والسياق المعنوي مع إيضاحات صرفية ونحوية وتفاصيل ميسرة عن الأماكن والأعلام.
590 _aعبد المنعم.
630 2 7 _aالقرآن
_xألفاظ
_vمعاجم
_2aucut
630 2 7 _aالقرآن
_vمعجم مصطلحات
_2aucut
730 2 2 _aالقرآن
942 _2ddc
_cBOOK
_n0
949 _aSA-JeALM
_d250528
_umohamedma123
_n1
999 _c8887
_d8887